Especial monográfico del Código Penal: comentarios y notas. Crónica parlamentaria

Guardat en:
Dades bibliogràfiques
Format: Llibre
Idioma:espanyol
Publicat: Madrid Trivium S. A 1996
Edició:1a. ed
Matèries:
Etiquetes: Afegir etiqueta
Sense etiquetes, Sigues el primer a etiquetar aquest registre!

MARC

LEADER 00000cam a2200000 a 4500
001 UCC4415
003 CL-VaPUC
008 180803e19960000sp |||||||||||||||||spa|d
020 |a 8478557776 
082 0 4 |a 345.46  |b ESP  |2 21 
245 1 0 |a Especial monográfico del Código Penal: comentarios y notas. Crónica parlamentaria 
250 |a 1a. ed 
300 |a 541 p 
942 |c BK 
945 |d 20180803 12:44:00  |a dcastane 
260 |a Madrid  |b Trivium S. A  |c 1996 
650 0 |a Derecho penal español  |9 368528 
650 7 |a CODIGO PENAL ESPAÑOL  |2 CL-VaPUC  |9 450862 
583 |a last modification  |c 20180803 12:44:00  |k Rodrigo Vera 
999 |c 371967  |d 371965 
952 |0 0  |1 0  |3 erb  |4 0  |6 345_460000000000000_ESP_1996  |7 0  |8 A  |9 489185  |a BIBDER  |b BIBDER  |e Mateluna Arestizabal, Alfredo Sergio  |i 5484502  |o 345.46 ESP 1996  |p 5484502  |r 2023-01-25  |w 2019-11-24  |y BK  |z Catalogado en:20180803  |k DER